<?xml version="1.0" encoding="UTF-8"?>
<record
    xmlns:xsi="http://www.w3.org/2001/XMLSchema-instance"
    xsi:schemaLocation="http://www.loc.gov/MARC21/slim http://www.loc.gov/standards/marcxml/schema/MARC21slim.xsd"
    xmlns="http://www.loc.gov/MARC21/slim">

  <leader>02459cam a22002658i 4500</leader>
  <controlfield tag="001">23891401</controlfield>
  <controlfield tag="005">20250616094846.0</controlfield>
  <controlfield tag="008">241011s2025    nyu      b    001 0 eng  </controlfield>
  <datafield tag="010" ind1=" " ind2=" ">
    <subfield code="a">  2024044796</subfield>
  </datafield>
  <datafield tag="020" ind1=" " ind2=" ">
    <subfield code="a">9781541702752</subfield>
    <subfield code="q">(hardcover)</subfield>
  </datafield>
  <datafield tag="040" ind1=" " ind2=" ">
    <subfield code="a">DLC</subfield>
    <subfield code="b">eng</subfield>
    <subfield code="e">rda</subfield>
    <subfield code="c">DLC</subfield>
  </datafield>
  <datafield tag="041" ind1=" " ind2=" ">
    <subfield code="a">eng</subfield>
  </datafield>
  <datafield tag="042" ind1=" " ind2=" ">
    <subfield code="a">pcc</subfield>
  </datafield>
  <datafield tag="050" ind1="0" ind2="0">
    <subfield code="a">HM741</subfield>
    <subfield code="b">.C48 2025</subfield>
  </datafield>
  <datafield tag="100" ind1=" " ind2=" ">
    <subfield code="a">Chow, Rosalind,</subfield>
    <subfield code="e">author.</subfield>
    <subfield code="9">25061</subfield>
  </datafield>
  <datafield tag="245" ind1="1" ind2="4">
    <subfield code="a">The doors you can open </subfield>
    <subfield code="b">: a new way to network, build trust, and use your influence to create a more inclusive workplace </subfield>
    <subfield code="c">/ Rosalind Chow.</subfield>
  </datafield>
  <datafield tag="264" ind1=" " ind2="1">
    <subfield code="a">New York, NY :</subfield>
    <subfield code="b">PublicAffairs,</subfield>
    <subfield code="c">[2025]</subfield>
  </datafield>
  <datafield tag="300" ind1=" " ind2=" ">
    <subfield code="a">288 pages</subfield>
  </datafield>
  <datafield tag="504" ind1=" " ind2=" ">
    <subfield code="a">Includes bibliographical references and index.</subfield>
  </datafield>
  <datafield tag="520" ind1=" " ind2=" ">
    <subfield code="a">The way we currently network and engage in mentorship isn&#x2019;t working. Given the ever-evolving nature of the workplace, transactional networking and company-enforced mentorship programs simply don&#x2019;t help make our professional relationships more authentic or our workplaces more equitable. What we need instead is sponsorship. 
 
What&#x2019;s the difference between mentorship and sponsorship? Mentorship involves helping a mentee change their behavior, while sponsorship involves changing how other people see a prot&#xE9;g&#xE9;. Sponsorship is as important, if not more so, than mentorship in determining who gets ahead, making it a more effective way to promote social equality and inclusion in the workplace.  
 
In The Doors You Can Open, organizational expert Rosalind Chow shows readers that they likely already engage in sponsorship in their personal and professional networks&#x2014;and how they can channel those skills to build more authentic professional relationships. We all have more agency and deeper networks to act as sponsors than we might think, and sponsoring others can lead to mutually beneficial lifelong connections rather than merely transactional interactions. Given the ever-evolving nature of the workplace, intentional and equitable sponsorship is more important now than ever for overturning traditional social hierarchies. 
 
Based on decades of original research, The Doors You Can Open makes a bold case for completely changing the way we network. Reading it will change how we see and use our relationships in the service of creating stronger workplaces for all.</subfield>
    <subfield code="c">Provided by publisher.</subfield>
  </datafield>
  <datafield tag="650" ind1=" " ind2="0">
    <subfield code="a">Social networks</subfield>
    <subfield code="9">5368</subfield>
  </datafield>
  <datafield tag="650" ind1=" " ind2="0">
    <subfield code="a">Social interaction</subfield>
    <subfield code="9">1676</subfield>
  </datafield>
  <datafield tag="650" ind1=" " ind2="0">
    <subfield code="a">Organizational behavior</subfield>
    <subfield code="9">2566</subfield>
  </datafield>
  <datafield tag="942" ind1=" " ind2=" ">
    <subfield code="2">lcc</subfield>
  </datafield>
  <datafield tag="952" ind1=" " ind2=" ">
    <subfield code="0">0</subfield>
    <subfield code="1">0</subfield>
    <subfield code="2">lcc</subfield>
    <subfield code="4">0</subfield>
    <subfield code="7">0</subfield>
    <subfield code="a">TBS</subfield>
    <subfield code="b">TBS</subfield>
    <subfield code="d">2025-03-26</subfield>
    <subfield code="l">0</subfield>
    <subfield code="o">HM741 CHO</subfield>
    <subfield code="p">B07532</subfield>
    <subfield code="r">2025-03-26</subfield>
    <subfield code="t">1</subfield>
    <subfield code="w">2025-03-26</subfield>
    <subfield code="y">1</subfield>
  </datafield>
  <datafield tag="999" ind1=" " ind2=" ">
    <subfield code="c">4596</subfield>
    <subfield code="d">4596</subfield>
  </datafield>
</record>
